[Event "Madrid ch - Previa A"]
[Site "Madrid ESP"]
[Date "2007.11.20"]
[Round "8.1"]
[White "Vukotic Jovsic, Dragan"]
[Black "Martin Martin, Luis Vicente"]
[Result "0-1"]
[WhiteElo "2035"]
[BlackElo "2089"]
[PlyCount "28"]
[EventDate "2007.11.05"]
[EventType "swiss"]
[EventRounds "9"]
[EventCountry "ESP"]
[Source "lmi"]
[SourceDate "2007.11.05"]

1. d4 Nf6 2. Bf4 c5 3. c3 cxd4 4. cxd4 Qb6 5. Qd2 Nc6 6. Nf3 d5 7. Nc3 Ne4 8.
Nxe4 dxe4 9. d5 e5 10. O-O-O Bb4 11. Qc2 exf3 12. exf3 exf4 13. Qe4+ Ne7 14. d6
Qc6+ 0-1

[Event "Madrid ch - Previa A"]
[Site "Madrid ESP"]
[Date "2007.11.20"]
[Round "8.2"]
[White "Vallejo Nuño, Jorge"]
[Black "Rodriguez Bachiller, Luis"]
[Result "1-0"]
[WhiteElo "1993"]
[BlackElo "1871"]
[PlyCount "49"]
[EventDate "2007.11.05"]
[EventType "swiss"]
[EventRounds "9"]
[EventCountry "ESP"]
[Source "lmi"]
[SourceDate "2007.11.05"]

1. e4 c5 2. Nf3 e6 3. d4 cxd4 4. Bc4 Nc6 5. Nxd4 Nxd4 6. Qxd4 Qa5+ 7. Nc3 Qc5
8. Qd3 a6 9. Be3 Qc7 10. O-O b5 11. Bb3 Bb7 12. g3 Nf6 13. Bf4 Qc6 14. Rfe1 Be7
15. Nd5 Nxd5 16. exd5 exd5 17. Qd4 Kf8 18. Rxe7 Kxe7 19. Qxg7 Raf8 20. Re1+ Kd8
21. Qe5 f6 22. Qb8+ Bc8 23. Bxd5 Qc5 24. Bd6 Qxc2 25. Qb6+ 1-0

[Event "Madrid ch - Previa A"]
[Site "Madrid ESP"]
[Date "2007.11.20"]
[Round "8.3"]
[White "Lopez Heras, Arturo"]
[Black "Alvarez Abejon, Amilcar"]
[Result "0-1"]
[WhiteElo "2072"]
[BlackElo "2076"]
[PlyCount "100"]
[EventDate "2007.11.05"]
[EventType "swiss"]
[EventRounds "9"]
[EventCountry "ESP"]
[Source "lmi"]
[SourceDate "2007.11.05"]

1. e4 c5 2. Nf3 e6 3. c3 Nf6 4. e5 Nd5 5. d4 cxd4 6. cxd4 b6 7. Bd2 Be7 8. Nc3
Nxc3 9. bxc3 O-O 10. Bd3 Ba6 11. c4 d5 12. exd6 Qxd6 13. O-O Bf6 14. Be3 Bb7
15. Rb1 Nc6 16. Rb5 g6 17. c5 Qc7 18. cxb6 axb6 19. d5 exd5 20. Bxb6 Qd7 21.
Qb3 Ne5 22. Nxe5 Bxe5 23. Be3 Bc6 24. Rb4 d4 25. Bh6 Qg4 26. f3 Qh4 27. f4 Qxh6
28. fxe5 Qe3+ 29. Kh1 Qd2 30. Rg1 Rxa2 31. Bf1 Ra1 32. Qb2 Qxb2 33. Rxb2 Re8
34. Rf2 Rxe5 35. Rxf7 Kxf7 36. Bc4+ Bd5 37. Bxd5+ Rxd5 38. Rxa1 Ke6 39. Kg1 Rf5
40. Re1+ Kd5 41. Re8 d3 42. Rd8+ Ke4 43. Re8+ Kd4 44. Rd8+ Ke3 45. Re8+ Kd4 46.
Rd8+ Rd5 47. Ra8 d2 48. Ra1 Ke3 49. Ra3+ Ke2 50. Ra2 Ke1 0-1

[Event "Madrid ch - Previa A"]
[Site "Madrid ESP"]
[Date "2007.11.20"]
[Round "8.4"]
[White "Perez Cameselle, Francisco Jose"]
[Black "Cortes Jurado, Rafael"]
[Result "0-1"]
[WhiteElo "1997"]
[BlackElo "2086"]
[PlyCount "92"]
[EventDate "2007.11.05"]
[EventType "swiss"]
[EventRounds "9"]
[EventCountry "ESP"]
[Source "lmi"]
[SourceDate "2007.11.05"]

1. Nf3 Nf6 2. g3 g6 3. Bg2 Bg7 4. O-O O-O 5. d3 c5 6. Nbd2 Nc6 7. e4 d5 8. Qe2
e5 9. exd5 Nxd5 10. Nc4 Re8 11. c3 Qc7 12. Ng5 Nf6 13. Ne4 Nxe4 14. dxe4 Be6
15. Ne3 Ne7 16. Nd5 Nxd5 17. exd5 Bf5 18. g4 Bd7 19. Rd1 Qd6 20. Be3 f5 21.
gxf5 gxf5 22. Qh5 Rf8 23. Bg5 f4 24. Be4 Bf5 25. f3 Bxe4 26. fxe4 c4 27. Bh4
Kh8 28. Rf1 Rg8 29. Kh1 Bf6 30. Bxf6+ Qxf6 31. Rg1 f3 32. Rxg8+ Rxg8 33. Rf1 f2
34. Qe2 Rf8 35. Kg2 Qg5+ 36. Kh1 Qf4 37. d6 Qf6 38. d7 Qb6 39. d8=Q Qxd8 40.
Qxc4 Qd2 41. Qd5 Qxd5 42. exd5 e4 43. Kg2 e3 44. d6 e2 45. Rxf2 Rg8+ 46. Kh3
e1=Q 0-1

[Event "Madrid ch - Previa A"]
[Site "Madrid ESP"]
[Date "2007.11.20"]
[Round "8.5"]
[White "Sanchez Alvarez, Jorge"]
[Black "Ortega Morales, Pedro"]
[Result "1-0"]
[WhiteElo "2028"]
[BlackElo "1944"]
[PlyCount "101"]
[EventDate "2007.11.05"]
[EventType "swiss"]
[EventRounds "9"]
[EventCountry "ESP"]
[Source "lmi"]
[SourceDate "2007.11.05"]

1. c4 e5 2. g3 Nf6 3. Bg2 Be7 4. Nc3 O-O 5. e4 Nc6 6. Nge2 Bc5 7. O-O a6 8. d3
d6 9. h3 Rb8 10. Kh2 Ne8 11. g4 h6 12. Ng3 Nd4 13. Nd5 c6 14. Ne3 g6 15. Ne2
Ng7 16. Nc2 Nxc2 17. Qxc2 Qh4 18. f3 Ne6 19. Qd2 Kg7 20. b4 Bb6 21. f4 Nd4 22.
f5 Nxe2 23. Qxe2 gxf5 24. gxf5 Qf6 25. Be3 Bc7 26. Rg1 Kh7 27. Qh5 Bd8 28. Bf3
Qh4 29. Rg2 Qxh5 30. Bxh5 b5 31. c5 d5 32. f6 Bxf6 33. Rf1 Bg5 34. Bxg5 hxg5
35. Rf6 Be6 36. Rxg5 dxe4 37. dxe4 Rbd8 38. Rg2 Rg8 39. Rgf2 Rd3 40. R6f3 Rxf3
41. Bxf3 Rg6 42. a3 Rf6 43. Kg3 Rg6+ 44. Bg4 Kg7 45. Rd2 f5 46. exf5 Bxf5 47.
Rd6 Be4 48. Rxg6+ Kxg6 49. Bf3 Bxf3 50. Kxf3 Kf5 51. Ke3 1-0

[Event "Madrid ch - Previa A"]
[Site "Madrid ESP"]
[Date "2007.11.20"]
[Round "8.9"]
[White "Maseda, Luis"]
[Black "Diaz Begonte, Manuel"]
[Result "1-0"]
[WhiteElo "1976"]
[BlackElo "1868"]
[PlyCount "97"]
[EventDate "2007.11.05"]
[EventType "swiss"]
[EventRounds "9"]
[EventCountry "ESP"]
[Source "lmi"]
[SourceDate "2007.11.05"]

1. d4 d5 2. c4 c6 3. Nf3 Nf6 4. Nc3 dxc4 5. a4 Bf5 6. Ne5 Nbd7 7. Nxc4 e6 8.
Bf4 Nb6 9. e3 Nxc4 10. Bxc4 Bd6 11. Bg5 h6 12. Bxf6 gxf6 13. e4 Bg6 14. Qd2 Qa5
15. O-O Qh5 16. h3 Qg5 17. f4 Qh4 18. Kh2 f5 19. g3 Qe7 20. Rae1 fxe4 21. Nxe4
Bb4 22. Nc3 O-O-O 23. f5 Qc5 24. Qe2 Rxd4 25. Bxe6+ Kc7 26. fxg6 fxe6 27. Rf7+
Kb6 28. Qxe6 Rd2+ 29. Re2 Bxc3 30. bxc3 Qxc3 31. Qe7 Rxe2+ 32. Qxe2 Rd8 33. Rf2
Rd3 34. Qb2+ Qxb2 35. Rxb2+ Kc7 36. Rf2 Rd6 37. Rf7+ Kb6 38. g7 Rg6 39. Kg2 Ka6
40. Kf3 c5 41. g4 c4 42. Ke3 b5 43. axb5+ Kxb5 44. Rxa7 Kb4 45. Kd2 c3+ 46. Kc2
Kc4 47. h4 Kd5 48. g5 hxg5 49. h5 1-0

[Event "Madrid ch - Previa A"]
[Site "Madrid ESP"]
[Date "2007.11.21"]
[Round "9.1"]
[White "Martin Martin, Luis Vicente"]
[Black "Alvarez Abejon, Amilcar"]
[Result "1/2-1/2"]
[WhiteElo "2089"]
[BlackElo "2076"]
[PlyCount "34"]
[EventDate "2007.11.05"]
[EventType "swiss"]
[EventRounds "9"]
[EventCountry "ESP"]
[Source "lmi"]
[SourceDate "2007.11.05"]

1. d4 Nf6 2. Bf4 e6 3. e3 b6 4. Nf3 Bb7 5. Nbd2 Bd6 6. Bxd6 cxd6 7. Bd3 O-O 8.
O-O d5 9. Qe2 d6 10. e4 dxe4 11. Nxe4 Bxe4 12. Bxe4 Nxe4 13. Qxe4 d5 14. Qe3
Nc6 15. Ne5 Nxe5 16. Qxe5 Rc8 17. c3 Qc7 1/2-1/2

[Event "Madrid ch - Previa A"]
[Site "Madrid ESP"]
[Date "2007.11.21"]
[Round "9.2"]
[White "Sanchez Alvarez, Jorge"]
[Black "Vallejo Nuño, Jorge"]
[Result "1-0"]
[WhiteElo "2028"]
[BlackElo "1993"]
[PlyCount "71"]
[EventDate "2007.11.05"]
[EventType "swiss"]
[EventRounds "9"]
[EventCountry "ESP"]
[Source "lmi"]
[SourceDate "2007.11.05"]

1. c4 e5 2. g3 Nf6 3. Bg2 d5 4. cxd5 Nxd5 5. Nc3 Nxc3 6. bxc3 Bc5 7. Qa4+ Nd7
8. Nf3 O-O 9. d4 exd4 10. cxd4 Nb6 11. Qd1 Bb4+ 12. Bd2 Be7 13. O-O Bf5 14. Qb3
a5 15. a4 Bf6 16. Bf4 Re8 17. Be5 Bxe5 18. Nxe5 Be6 19. Qb2 f6 20. Nd3 Bd5 21.
Bxd5+ Qxd5 22. Nf4 Qe4 23. e3 Kh8 24. Qb3 Re7 25. Rac1 g5 26. Nd3 Qf3 27. Rc5
h5 28. Rfc1 Rc8 29. d5 h4 30. Ne1 Qh5 31. d6 hxg3 32. fxg3 Rh7 33. Qb2 Qe8 34.
Qxf6+ Rg7 35. Re5 Qxa4 36. Re7 1-0

[Event "Madrid ch - Previa A"]
[Site "Madrid ESP"]
[Date "2007.11.21"]
[Round "9.3"]
[White "Cortes Jurado, Rafael"]
[Black "Vukotic Jovsic, Dragan"]
[Result "0-1"]
[WhiteElo "2086"]
[BlackElo "2035"]
[PlyCount "64"]
[EventDate "2007.11.05"]
[EventType "swiss"]
[EventRounds "9"]
[EventCountry "ESP"]
[Source "lmi"]
[SourceDate "2007.11.05"]

1. e4 c5 2. Nf3 d6 3. d4 cxd4 4. Nxd4 Nf6 5. Nc3 g6 6. Be3 Bg7 7. f3 O-O 8. Qd2
Nc6 9. g4 Qa5 10. O-O-O Ne5 11. g5 Nh5 12. f4 Ng4 13. Bg1 Nxf4 14. Qxf4 e5 15.
Qg3 exd4 16. Bxd4 Bxd4 17. Rxd4 Qxg5+ 18. Kb1 Be6 19. Rxd6 Rad8 20. Rxd8 Rxd8
21. Bd3 Qd2 22. Nd5 Bxd5 23. exd5 Nf2 24. Rf1 Nxd3 25. Qxd3 Rxd5 26. Qxd2 Rxd2
27. Rh1 g5 28. b3 g4 29. Kb2 Kf8 30. Kc3 Rf2 31. Kd3 Rf3+ 32. Ke4 Rh3 0-1

[Event "Madrid ch - Previa A"]
[Site "Madrid ESP"]
[Date "2007.11.21"]
[Round "9.4"]
[White "Camarero Izquierdo, Juan Carlos"]
[Black "Garcia Gonzalez, Pedro"]
[Result "1-0"]
[WhiteElo "2008"]
[BlackElo "1921"]
[PlyCount "105"]
[EventDate "2007.11.05"]
[EventType "swiss"]
[EventRounds "9"]
[EventCountry "ESP"]
[Source "lmi"]
[SourceDate "2007.11.05"]

1. e4 e5 2. Nf3 Nc6 3. Bb5 a6 4. Ba4 Nf6 5. d3 b5 6. Bb3 Be7 7. Bd5 O-O 8. Bxc6
dxc6 9. Nxe5 Qe8 10. Nf3 h6 11. Bf4 Qd8 12. Nc3 Re8 13. Qd2 Bf8 14. h3 c5 15.
O-O Be6 16. Rfe1 Qc8 17. Re3 Qb7 18. e5 Nd5 19. Nxd5 Bxd5 20. b3 Rad8 21. Rae1
c4 22. Nh4 Be6 23. Rg3 Kh7 24. Qe2 cxd3 25. cxd3 Rd4 26. Rf3 Red8 27. Bg3 Qc8
28. Re3 Qd7 29. Rd1 Bc5 30. Nf3 Rd5 31. d4 Bxd4 32. Nxd4 Rxd4 33. Rxd4 Qxd4 34.
Qc2+ g6 35. Qxc7 Rc8 36. Qe7 Rc1+ 37. Kh2 Qa1 38. Bf4 Rc3 39. Rxc3 Qxc3 40. Qf8
g5 41. Bg3 Qd4 42. Qe7 Qe4 43. Qf6 Qf5 44. Qe7 h5 45. h4 g4 46. Qa7 Bc8 47. Qd4
Be6 48. Bf4 Kg6 49. Bg5 Bd7 50. Bf6 Qe6 51. Qc5 Qe8 52. Qd6 Bc8 53. Qd2 1-0

[Event "Madrid ch - Previa A"]
[Site "Madrid ESP"]
[Date "2007.11.21"]
[Round "9.5"]
[White "Rodriguez Bachiller, Luis"]
[Black "Perez Cameselle, Francisco Jose"]
[Result "1/2-1/2"]
[WhiteElo "1871"]
[BlackElo "1997"]
[PlyCount "66"]
[EventDate "2007.11.05"]
[EventType "swiss"]
[EventRounds "9"]
[EventCountry "ESP"]
[Source "lmi"]
[SourceDate "2007.11.05"]

1. e4 c5 2. Nf3 d6 3. d4 cxd4 4. Nxd4 Nf6 5. Nc3 g6 6. Be3 Bg7 7. f3 O-O 8. Bc4
Nc6 9. Qd2 Bd7 10. O-O-O Rc8 11. Bb3 Ne5 12. Bh6 Nc4 13. Bxc4 Rxc4 14. Bxg7
Kxg7 15. h4 h5 16. Rdg1 Qa5 17. Nb3 Qa6 18. Kb1 b5 19. g4 b4 20. Nd5 Nxd5 21.
exd5 Rh8 22. Qg5 f6 23. Qe3 Kf7 24. Re1 Re8 25. gxh5 gxh5 26. Nd4 Qb6 27. Qh6
Rg8 28. Qxh5+ Kf8 29. Ne6+ Bxe6 30. dxe6 Rg7 31. b3 Rc3 32. Qh8+ Rg8 33. Qh7
Rg7 1/2-1/2